[Event "English Schools Championship Final 2024"]
[Site "Nottingham University Kings Meadow Campus, United Kingdom"]
[Date "2024.06.28"]
[Round "5.31"]
[White "Kovalskyi, Roman"]
[Black "Gunarathne, Senith"]
[Result "1-0"]
[TimeControl "G50' + 10\" per move."]
[WhiteFideId "14184214"]
[BlackFideId "343104324"]
[WhiteElo "2081"]
[BlackElo "1900"]

1. e4 {[%clk 00:50:19]} c5 {[%clk 00:50:14]} {[%emt 00:00:07]} 2. Nf3 {[%clk
00:50:24]} {[%emt 00:00:05]} d6 {[%clk 00:50:16]} {[%emt 00:00:10]} 3. d4
{[%clk 00:50:30]} {[%emt 00:00:03]} cxd4 {[%clk 00:50:22]} {[%emt 00:00:05]} 4.
Nxd4 {[%clk 00:50:38]} {[%emt 00:00:01]} Nf6 {[%clk 00:50:24]} {[%emt
00:00:08]} 5. Nc3 {[%clk 00:50:42]} {[%emt 00:00:06]} a6 {[%clk 00:50:27]}
{[%emt 00:00:08]} 6. Be3 {[%clk 00:50:47]} {[%emt 00:00:05]} e5 {[%clk
00:50:14]} {[%emt 00:00:23]} 7. Nb3 {[%clk 00:50:53]} {[%emt 00:00:04]} Be6
{[%clk 00:50:19]} {[%emt 00:00:05]} 8. f3 {[%clk 00:50:57]} {[%emt 00:00:06]}
Be7 {[%clk 00:50:26]} {[%emt 00:00:03]} 9. Qd2 {[%clk 00:51:03]} {[%emt
00:00:04]} Nbd7 {[%clk 00:50:30]} {[%emt 00:00:06]} 10. g4 {[%clk 00:50:57]}
{[%emt 00:00:16]} h6 {[%clk 00:50:23]} {[%emt 00:00:17]} 11. O-O-O {[%clk
00:50:33]} {[%emt 00:00:34]} b5 {[%clk 00:48:56]} {[%emt 00:01:37]} 12. h4
{[%clk 00:50:05]} {[%emt 00:00:38]} Nb6 {[%clk 00:48:02]} {[%emt 00:01:04]} 13.
Qf2 {[%clk 00:48:45]} {[%emt 00:01:29]} Rb8 {[%clk 00:44:36]} {[%emt 00:03:36]}
14. Nc5 {[%clk 00:39:24]} {[%emt 00:09:32]} Nc4 {[%clk 00:41:30]} {[%emt
00:03:16]} 15. Bxc4 {[%emt 00:06:26]} Bxc4 {[%clk 00:41:20]} {[%emt 00:00:10]}
16. Nxa6 {[%clk 00:33:19]} {[%emt 00:00:09]} Ra8 {[%clk 00:39:50]} {[%emt
00:01:40]} 17. Bb6 {[%clk 00:33:17]} {[%emt 00:00:12]} Qc8 {[%clk 00:39:21]}
{[%emt 00:00:39]} 18. Nc7+ {[%clk 00:33:21]} {[%emt 00:00:06]} Kd7 {[%clk
00:39:29]} {[%emt 00:00:02]} 19. Nxa8 {[%clk 00:32:30]} {[%emt 00:01:01]} Qxa8
{[%clk 00:39:36]} {[%emt 00:00:03]} 20. b3 {[%clk 00:27:07]} {[%emt 00:05:33]}
Qa3+ {[%clk 00:38:49]} {[%emt 00:00:57]} 21. Kb1 {[%clk 00:27:04]} {[%emt
00:00:13]} b4 {[%clk 00:38:51]} {[%emt 00:00:09]} 22. Qc5 {[%clk 00:19:49]}
{[%emt 00:07:24]} Rc8 {[%clk 00:36:17]} {[%emt 00:02:44]} 23. Nb5 {[%clk
00:17:49]} {[%emt 00:02:10]} Qa6 {[%clk 00:34:03]} {[%emt 00:02:24]} 24. Rxd6+
{[%clk 00:17:25]} Ke8 {[%clk 00:33:42]} {[%emt 00:01:05]} 25. Nc7+ {[%clk
00:17:15]} {[%emt 00:00:19]} Rxc7 {[%clk 00:33:49]} {[%emt 00:00:04]} 26. Qxc7
{[%clk 00:17:10]} {[%emt 00:00:14]} Bxd6 {[%clk 00:33:52]} {[%emt 00:00:08]} 27.
Qd8# {[%clk 00:17:14]} {[%emt 00:00:05]} 1-0

[Event "English Schools Championship Final 2024"]
[Site "Nottingham University Kings Meadow Campus, United Kingdom"]
[Date "2024.06.28"]
[Round "5.32"]
[White "Lee, Richard"]
[Black "Bharadwaj, Arjun Kartik"]
[Result "1/2-1/2"]
[TimeControl "G50' + 10\" per move."]
[BlackFideId "343419305"]
[WhiteElo "1658"]
[BlackElo "1625"]

1. c4 {[%clk 00:50:10]} {[%emt 00:55:51]} c5 {[%clk 00:50:12]} {[%emt
00:00:20]} 2. Nf3 {[%clk 00:50:15]} {[%emt 00:00:07]} Nc6 {[%clk 00:50:14]}
{[%emt 00:00:07]} 3. Nc3 {[%clk 00:50:17]} {[%emt 00:00:08]} g6 {[%clk
00:50:09]} {[%emt 00:00:14]} 4. g3 {[%clk 00:50:20]} {[%emt 00:00:05]} Bg7
{[%clk 00:50:14]} {[%emt 00:00:05]} 5. Bg2 {[%clk 00:50:27]} {[%emt 00:00:03]}
e6 {[%clk 00:50:16]} {[%emt 00:00:07]} 6. O-O {[%clk 00:50:21]} {[%emt
00:00:17]} Nge7 {[%clk 00:50:21]} {[%emt 00:00:05]} 7. e3 {[%clk 00:49:52]}
{[%emt 00:00:40]} O-O {[%clk 00:50:11]} {[%emt 00:00:19]} 8. a3 {[%clk
00:49:34]} {[%emt 00:00:28]} d5 {[%clk 00:49:25]} {[%emt 00:00:56]} 9. cxd5
{[%clk 00:49:21]} {[%emt 00:00:23]} Nxd5 {[%clk 00:49:18]} {[%emt 00:00:17]} 10.
Rb1 {[%clk 00:45:32]} {[%emt 00:03:59]} a6 {[%clk 00:45:58]} {[%emt 00:03:30]}
11. Qc2 {[%clk 00:39:19]} {[%emt 00:06:22]} Qc7 {[%clk 00:45:23]} {[%emt
00:00:45]} 12. Nxd5 {[%clk 00:38:35]} {[%emt 00:00:54]} exd5 {[%clk 00:45:25]}
{[%emt 00:00:08]} 13. Qxc5 {[%clk 00:36:05]} {[%emt 00:02:40]} Be6 {[%clk
00:40:39]} {[%emt 00:04:57]} 14. Ne1 {[%clk 00:32:37]} {[%emt 00:03:38]} Rfd8
{[%clk 00:39:02]} {[%emt 00:01:46]} 15. b4 {[%clk 00:30:25]} {[%emt 00:02:22]}
Rac8 {[%clk 00:37:04]} {[%emt 00:02:09]} 16. Bb2 {[%clk 00:29:33]} {[%emt
00:01:03]} Qd7 {[%clk 00:32:11]} {[%emt 00:05:02]} 17. Bxg7 {[%clk 00:28:42]}
{[%emt 00:01:00]} Kxg7 {[%clk 00:32:02]} {[%emt 00:00:20]} 18. Qc3+ {[%clk
00:26:24]} {[%emt 00:02:28]} Kg8 {[%clk 00:31:42]} {[%emt 00:00:29]} 19. Qb2
{[%clk 00:24:42]} {[%emt 00:01:53]} Bh3 {[%clk 00:29:42]} {[%emt 00:02:10]} 20.
Nd3 {[%clk 00:21:57]} {[%emt 00:02:54]} Qf5 {[%clk 00:27:27]} {[%emt 00:02:26]}
21. Nf4 {[%clk 00:19:55]} {[%emt 00:02:12]} Bxg2 {[%clk 00:26:28]} {[%emt
00:01:09]} 22. Kxg2 {[%clk 00:19:21]} {[%emt 00:00:45]} Ne5 {[%clk 00:24:50]}
{[%emt 00:01:47]} 23. Qd4 {[%clk 00:11:55]} {[%emt 00:07:35]} Rc4 {[%clk
00:23:42]} {[%emt 00:01:18]} 24. Qb6 {[%clk 00:11:27]} {[%emt 00:00:39]} Rd7
{[%clk 00:21:08]} {[%emt 00:02:45]} 25. Rbc1 {[%clk 00:09:33]} {[%emt
00:02:03]} Rdc7 {[%clk 00:17:55]} {[%emt 00:03:23]} 26. Qxc7 {[%clk 00:07:49]}
{[%emt 00:01:55]} Rxc7 {[%clk 00:17:31]} {[%emt 00:00:33]} 27. Rxc7 {[%clk
00:07:52]} {[%emt 00:00:07]} g5 {[%clk 00:17:17]} {[%emt 00:00:24]} 28. Nh3
{[%clk 00:04:56]} {[%emt 00:03:05]} Qf3+ {[%clk 00:15:53]} {[%emt 00:01:35]} 29.
Kg1 {[%clk 00:05:02]} {[%emt 00:00:04]} Qh5 {[%clk 00:10:52]} {[%emt 00:05:10]}
30. Kg2 {[%clk 00:02:37]} {[%emt 00:02:36]} Qf3+ {[%clk 00:03:36]} {[%emt
00:07:25]} 31. Kg1 {[%clk 00:02:46]} {[%emt 00:00:03]} h6 {[%clk 00:01:22]}
{[%emt 00:02:24]} 32. Rxb7 {[%clk 00:01:04]} {[%emt 00:01:51]} Qh5 {[%clk
00:01:14]} {[%emt 00:00:18]} 33. Kg2 {[%clk 00:00:35]} {[%emt 00:00:39]} Qf3+
{[%clk 00:01:05]} {[%emt 00:00:19]} 34. Kg1 {[%clk 00:00:42]} {[%emt 00:00:01]}
Qf5 {[%clk 00:00:35]} {[%emt 00:00:41]} 35. Kg2 {[%clk 00:00:43]} {[%emt
00:00:09]} Qf3+ {[%clk 00:00:12]} {[%emt 00:00:34]} 36. Kg1 {[%clk 00:00:51]}
{[%emt 00:00:02]} 1/2-1/2

[Event "English Schools Championship Final 2024"]
[Site "Nottingham University Kings Meadow Campus, United Kingdom"]
[Date "2024.06.28"]
[Round "5.33"]
[White "Hazell, Peter"]
[Black "Arlachova, Alexandra"]
[Result "1-0"]
[TimeControl "G50' + 10\" per move."]
[WhiteFideId "343400922"]
[BlackFideId "473910"]
[WhiteElo "1666"]
[BlackElo "1703"]

1. d4 {[%clk 00:50:19]} {[%emt 00:00:02]} Nf6 {[%clk 00:50:16]} {[%emt
00:00:05]} 2. c4 {[%clk 00:50:26]} {[%emt 00:00:02]} g6 {[%clk 00:50:20]}
{[%emt 00:00:05]} 3. Nc3 {[%clk 00:50:32]} {[%emt 00:00:03]} Bg7 {[%clk
00:50:24]} {[%emt 00:00:07]} 4. e4 {[%clk 00:50:37]} {[%emt 00:00:04]} d6
{[%clk 00:50:30]} {[%emt 00:00:04]} 5. Nf3 {[%clk 00:50:42]} {[%emt 00:00:05]}
O-O {[%clk 00:50:20]} {[%emt 00:00:21]} 6. h3 {[%clk 00:50:35]} {[%emt
00:00:17]} Nbd7 {[%clk 00:50:10]} {[%emt 00:00:20]} 7. Be3 {[%clk 00:50:34]}
{[%emt 00:00:11]} e5 {[%clk 00:49:55]} {[%emt 00:00:25]} 8. d5 {[%clk
00:50:40]} {[%emt 00:00:04]} Qe7 {[%clk 00:49:21]} {[%emt 00:00:44]} 9. Bd3
{[%clk 00:50:17]} {[%emt 00:00:32]} c6 {[%clk 00:49:07]} {[%emt 00:00:25]} 10.
Qd2 {[%clk 00:50:08]} {[%emt 00:00:18]} a6 {[%clk 00:48:51]} {[%emt 00:00:26]}
11. a3 {[%clk 00:49:16]} {[%emt 00:01:03]} a5 {[%clk 00:48:19]} {[%emt
00:00:42]} 12. Bc2 {[%clk 00:48:38]} {[%emt 00:00:47]} cxd5 {[%clk 00:47:09]}
{[%emt 00:01:20]} 13. cxd5 {[%clk 00:48:14]} {[%emt 00:00:33]} b6 {[%clk
00:47:06]} {[%emt 00:00:14]} 14. Bd3 {[%clk 00:46:49]} {[%emt 00:01:32]} Nc5
{[%clk 00:46:55]} {[%emt 00:00:24]} 15. Bxc5 {[%clk 00:46:48]} {[%emt
00:00:11]} bxc5 {[%clk 00:46:59]} {[%emt 00:00:07]} 16. Bb5 {[%clk 00:46:07]}
{[%emt 00:00:51]} Bd7 {[%clk 00:46:43]} {[%emt 00:00:25]} 17. a4 {[%clk
00:46:04]} {[%emt 00:00:14]} Rfb8 {[%clk 00:44:36]} {[%emt 00:02:17]} 18. Bxd7
{[%clk 00:45:50]} {[%emt 00:00:23]} Qxd7 {[%clk 00:44:37]} {[%emt 00:00:10]} 19.
Qc2 {[%clk 00:45:51]} {[%emt 00:00:09]} Rb4 {[%clk 00:44:11]} {[%emt 00:00:35]}
20. Nd2 {[%clk 00:45:37]} {[%emt 00:00:24]} Rab8 {[%clk 00:44:00]} {[%emt
00:00:22]} 21. b3 {[%clk 00:45:22]} {[%emt 00:00:24]} Bh6 {[%clk 00:44:02]}
{[%emt 00:00:09]} 22. f3 {[%clk 00:43:26]} {[%emt 00:02:05]} Bxd2+ {[%clk
00:43:52]} {[%emt 00:00:20]} 23. Qxd2 {[%clk 00:43:29]} {[%emt 00:00:07]} Rxb3
{[%clk 00:43:33]} {[%emt 00:00:30]} 24. Nb5 {[%clk 00:43:19]} {[%emt 00:00:19]}
Rb4 {[%clk 00:43:23]} {[%emt 00:00:19]} 25. Qg5 {[%clk 00:42:55]} {[%emt
00:00:34]} Qd8 {[%clk 00:37:49]} {[%emt 00:05:46]} 26. O-O {[%clk 00:42:31]}
{[%emt 00:00:33]} Nh5 {[%clk 00:37:41]} {[%emt 00:00:18]} 27. Qxd8+ {[%clk
00:41:59]} {[%emt 00:00:42]} Rxd8 {[%clk 00:37:45]} {[%emt 00:00:06]} 28. Na7
{[%clk 00:42:01]} {[%emt 00:00:07]} Rd7 {[%clk 00:37:38]} {[%emt 00:00:18]} 29.
Nc6 {[%clk 00:42:04]} {[%emt 00:00:08]} Rb2 {[%clk 00:36:47]} {[%emt 00:01:00]}
30. Rf2 {[%clk 00:41:56]} {[%emt 00:00:20]} Rxf2 {[%clk 00:36:05]} {[%emt
00:00:51]} 31. Kxf2 {[%clk 00:42:02]} {[%emt 00:00:02]} Nf4 {[%clk 00:36:11]}
{[%emt 00:00:06]} 32. Nxa5 {[%clk 00:40:41]} {[%emt 00:01:31]} Ra7 {[%clk
00:35:36]} {[%emt 00:00:45]} 33. Nc6 {[%clk 00:40:25]} {[%emt 00:00:24]} Ra6
{[%clk 00:35:38]} {[%emt 00:00:10]} 34. a5 {[%clk 00:40:03]} {[%emt 00:00:33]}
Nd3+ {[%clk 00:34:58]} {[%emt 00:00:49]} 35. Ke3 {[%clk 00:39:49]} {[%emt
00:00:22]} Nf4 {[%clk 00:34:50]} {[%emt 00:00:20]} 36. g3 {[%clk 00:38:50]}
{[%emt 00:01:09]} Nh5 {[%clk 00:33:57]} {[%emt 00:01:03]} 37. Rb1 {[%clk
00:38:22]} {[%emt 00:00:39]} Nf6 {[%clk 00:30:06]} {[%emt 00:04:00]} 38. Rb7
{[%clk 00:34:17]} {[%emt 00:04:14]} Kf8 {[%clk 00:29:04]} {[%emt 00:01:13]} 39.
Rb6 {[%clk 00:31:06]} {[%emt 00:03:21]} Rxb6 {[%clk 00:28:57]} {[%emt
00:00:17]} 40. axb6 {[%clk 00:30:59]} {[%emt 00:00:16]} Nd7 {[%clk 00:29:05]}
{[%emt 00:00:02]} 41. b7 {[%clk 00:31:01]} {[%emt 00:00:09]} f6 {[%clk
00:28:52]} {[%emt 00:00:22]} 42. b8=Q+ {[%clk 00:30:58]} {[%emt 00:00:14]} Nxb8
{[%clk 00:29:00]} {[%emt 00:00:01]} 43. Nxb8 {[%clk 00:30:54]} {[%emt
00:00:14]} Ke8 {[%clk 00:29:08]} {[%emt 00:00:02]} 44. f4 {[%clk 00:30:42]}
{[%emt 00:00:23]} Ke7 {[%clk 00:28:38]} {[%emt 00:00:40]} 45. Nc6+ {[%clk
00:30:36]} {[%emt 00:00:16]} Kd7 {[%clk 00:28:41]} {[%emt 00:00:06]} 46. Na5
{[%clk 00:29:33]} {[%emt 00:01:13]} Kc7 {[%clk 00:28:11]} {[%emt 00:00:40]} 47.
Nc4 {[%clk 00:29:39]} {[%emt 00:00:05]} Kb7 {[%clk 00:27:31]} {[%emt 00:00:50]}
48. Nxd6+ {[%clk 00:29:21]} {[%emt 00:00:27]} 1-0

[Event "English Schools Championship Final 2024"]
[Site "Nottingham University Kings Meadow Campus, United Kingdom"]
[Date "2024.06.28"]
[Round "5.34"]
[White "Stapleton, Dean"]
[Black "Cooper, George"]
[Result "0-1"]
[TimeControl "G50' + 10\" per move."]
[BlackFideId "343411304"]
[WhiteElo "1625"]
[BlackElo "1575"]

1. e4 {[%clk 00:50:19]} c6 {[%clk 00:50:17]} {[%emt 00:00:05]} 2. d4 {[%clk
00:50:16]} {[%emt 00:00:11]} d5 {[%clk 00:50:24]} {[%emt 00:00:04]} 3. Nc3
{[%clk 00:49:52]} {[%emt 00:00:34]} dxe4 {[%clk 00:50:27]} {[%emt 00:00:07]} 4.
Nxe4 {[%clk 00:49:55]} {[%emt 00:00:06]} Nd7 {[%clk 00:50:33]} {[%emt
00:00:04]} 5. Nf3 {[%clk 00:49:32]} {[%emt 00:00:33]} Ngf6 {[%clk 00:49:32]}
{[%emt 00:01:10]} 6. Ng3 {[%clk 00:49:05]} {[%emt 00:00:38]} e6 {[%clk
00:48:05]} {[%emt 00:01:37]} 7. Bd3 {[%clk 00:47:50]} {[%emt 00:01:25]} c5
{[%clk 00:46:30]} {[%emt 00:01:44]} 8. dxc5 {[%clk 00:46:20]} {[%emt 00:01:40]}
Bxc5 {[%clk 00:45:54]} {[%emt 00:00:46]} 9. O-O {[%clk 00:45:56]} {[%emt
00:00:35]} O-O {[%clk 00:45:26]} {[%emt 00:00:39]} 10. a3 {[%clk 00:45:18]}
{[%emt 00:00:47]} b6 {[%clk 00:44:05]} {[%emt 00:01:31]} 11. b4 {[%clk
00:44:53]} {[%emt 00:00:34]} Be7 {[%clk 00:44:07]} {[%emt 00:00:08]} 12. Re1
{[%clk 00:43:30]} {[%emt 00:01:34]} Bb7 {[%clk 00:42:55]} {[%emt 00:01:22]} 13.
Bb2 {[%clk 00:43:14]} {[%emt 00:00:25]} Rc8 {[%clk 00:39:39]} {[%emt 00:03:27]}
14. Ne4 {[%clk 00:41:48]} {[%emt 00:01:36]} Nxe4 {[%clk 00:35:09]} {[%emt
00:04:40]} 15. Bxe4 {[%clk 00:41:08]} {[%emt 00:00:51]} Bxe4 {[%clk 00:35:13]}
{[%emt 00:00:06]} 16. Rxe4 {[%clk 00:41:01]} {[%emt 00:00:16]} Bf6 {[%clk
00:34:50]} {[%emt 00:00:32]} 17. Bxf6 {[%clk 00:40:33]} {[%emt 00:00:39]} Nxf6
{[%clk 00:34:53]} {[%emt 00:00:07]} 18. Rd4 {[%clk 00:39:14]} {[%emt 00:01:29]}
Qc7 {[%clk 00:34:12]} {[%emt 00:00:50]} 19. c4 {[%clk 00:39:09]} {[%emt
00:00:15]} Rfd8 {[%clk 00:29:18]} {[%emt 00:05:04]} 20. Rc1 {[%clk 00:37:39]}
{[%emt 00:01:41]} Rxd4 {[%clk 00:27:25]} {[%emt 00:02:04]} 21. Qxd4 {[%clk
00:37:26]} {[%emt 00:00:22]} Rd8 {[%clk 00:26:45]} {[%emt 00:00:50]} 22. Qh4
{[%clk 00:36:20]} {[%emt 00:01:15]} Rd3 {[%clk 00:25:04]} {[%emt 00:01:50]} 23.
Nd4 {[%clk 00:35:08]} {[%emt 00:01:23]} Qd7 {[%clk 00:24:24]} {[%emt 00:00:51]}
24. h3 {[%clk 00:26:28]} {[%emt 00:08:51]} Rxd4 {[%clk 00:24:22]} {[%emt
00:00:11]} 25. Qg3 {[%clk 00:26:10]} {[%emt 00:00:27]} Rd1+ {[%clk 00:23:47]}
{[%emt 00:00:46]} 26. Rxd1 {[%clk 00:25:49]} {[%emt 00:00:31]} Qxd1+ {[%clk
00:23:54]} {[%emt 00:00:03]} 27. Kh2 {[%clk 00:25:37]} {[%emt 00:00:23]} Qd8
{[%clk 00:24:01]} {[%emt 00:00:01]} 28. Qe3 {[%clk 00:24:55]} {[%emt 00:00:52]}
h6 {[%clk 00:23:46]} {[%emt 00:00:25]} 29. c5 {[%clk 00:24:33]} {[%emt
00:00:32]} Nd5 {[%clk 00:23:28]} {[%emt 00:00:29]} 30. Qd4 {[%clk 00:23:55]}
{[%emt 00:00:47]} Qc7+ {[%clk 00:25:15]} {[%emt 00:02:37]} 0-1

[Event "English Schools Championship Final 2024"]
[Site "Nottingham University Kings Meadow Campus, United Kingdom"]
[Date "2024.06.28"]
[Round "5.35"]
[White "Schwager, Ziggy"]
[Black "Bowden, James"]
[Result "0-1"]
[TimeControl "G50' + 10\" per move."]
[WhiteFideId "343414478"]
[WhiteElo "1357"]
[BlackElo "1642"]

1. c4 {[%clk 00:50:17]} {[%emt 00:00:03]} e5 {[%clk 00:50:13]} {[%emt
00:00:07]} 2. Nc3 {[%clk 00:50:20]} {[%emt 00:00:06]} Nf6 {[%clk 00:50:17]}
{[%emt 00:00:07]} 3. g3 {[%clk 00:50:11]} {[%emt 00:00:20]} Bc5 {[%clk
00:49:41]} {[%emt 00:00:45]} 4. h3 {[%clk 00:49:51]} {[%emt 00:00:30]} d5
{[%clk 00:48:38]} {[%emt 00:01:13]} 5. Na4 {[%clk 00:47:09]} {[%emt 00:02:52]}
Be7 {[%clk 00:47:33]} {[%emt 00:01:14]} 6. c5 {[%clk 00:45:21]} {[%emt
00:01:59]} Nc6 {[%clk 00:45:40]} {[%emt 00:02:03]} 7. e3 {[%clk 00:44:30]}
{[%emt 00:01:00]} Bf5 {[%clk 00:44:14]} {[%emt 00:01:37]} 8. g4 {[%emt
00:03:15]} Bg6 {[%emt 00:02:32]} 9. Bb5 {[%emt 00:04:35]} a6 {[%clk 00:38:49]}
{[%emt 00:00:47]} 10. Bxc6+ {[%clk 00:38:50]} {[%emt 00:00:45]} bxc6 {[%clk
00:32:55]} {[%emt 00:03:14]} 11. d3 e4 {[%emt 00:09:37]} 12. d4 {[%emt
00:01:24]} Nd7 {[%emt 00:01:13]} 13. Nc3 {[%emt 00:01:43]} Bh4 {[%emt
00:01:20]} 14. Qa4 {[%emt 00:02:17]} Qf6 {[%emt 00:02:06]} 15. Nd1 {[%emt
00:02:24]} O-O {[%clk 00:26:52]} {[%emt 00:00:07]} 16. Ne2 {[%clk 00:26:07]}
{[%emt 00:01:16]} Rfb8 {[%clk 00:21:52]} {[%emt 00:05:10]} 17. Nf4 {[%clk
00:25:20]} {[%emt 00:00:56]} Rd8 {[%clk 00:21:25]} {[%emt 00:00:38]} 18. a3
{[%clk 00:23:37]} {[%emt 00:01:53]} Bg5 {[%clk 00:19:02]} {[%emt 00:02:32]} 19.
Nc3 {[%clk 00:20:09]} {[%emt 00:03:38]} Nf8 {[%clk 00:14:53]} {[%emt 00:04:19]}
20. Na2 {[%clk 00:18:11]} {[%emt 00:02:09]} Ne6 {[%clk 00:13:23]} {[%emt
00:01:40]} 21. Nxg6 {[%clk 00:17:22]} {[%emt 00:00:59]} fxg6 {[%clk 00:13:06]}
{[%emt 00:00:26]} 22. Qxc6 {[%clk 00:16:27]} {[%emt 00:01:05]} Bh4 {[%clk
00:10:38]} {[%emt 00:02:38]} 23. Kd1 {[%clk 00:11:03]} {[%emt 00:05:32]} Qf3+
{[%clk 00:09:40]} {[%emt 00:01:11]} 24. Kc2 {[%clk 00:09:11]} {[%emt 00:02:01]}
Qxh1 {[%clk 00:08:39]} {[%emt 00:01:11]} 25. Qxe6+ {[%clk 00:09:01]} {[%emt
00:00:20]} Kh8 {[%clk 00:08:29]} {[%emt 00:00:21]} 26. Nc3 {[%clk 00:07:24]}
{[%emt 00:01:47]} Qxh3 {[%clk 00:05:43]} {[%emt 00:02:56]} 27. Nxd5 {[%clk
00:05:47]} {[%emt 00:01:47]} Bxf2 {[%clk 00:04:32]} {[%emt 00:01:20]} 28. Qxe4
{[%clk 00:04:54]} {[%emt 00:01:04]} Re8 {[%clk 00:04:12]} {[%emt 00:00:30]} 29.
Qd3 {[%clk 00:04:31]} {[%emt 00:00:32]} Rac8 {[%clk 00:03:40]} {[%emt
00:00:43]} 30. Qxa6 {[%clk 00:04:04]} {[%emt 00:00:36]} Qxg4 {[%clk 00:03:47]}
{[%emt 00:00:04]} 31. Qc4 {[%clk 00:02:59]} {[%emt 00:01:15]} Qe6 {[%clk
00:03:17]} {[%emt 00:00:40]} 32. Qa2 {[%clk 00:02:05]} {[%emt 00:01:02]} Qe4+
{[%clk 00:03:19]} {[%emt 00:00:10]} 33. Kc3 {[%clk 00:01:45]} {[%emt 00:00:29]}
Be1+ {[%clk 00:03:04]} {[%emt 00:00:26]} 34. Bd2 {[%clk 00:01:52]} {[%emt
00:00:03]} Bxd2+ {[%clk 00:03:10]} {[%emt 00:00:04]} 35. Kxd2 {[%clk 00:01:59]}
{[%emt 00:00:03]} c6 {[%clk 00:03:17]} {[%emt 00:00:04]} 36. Qb3 {[%clk
00:01:15]} {[%emt 00:00:54]} cxd5 {[%clk 00:03:20]} {[%emt 00:00:06]} 37. a4
{[%clk 00:01:16]} {[%emt 00:00:09]} Rb8 {[%clk 00:02:52]} {[%emt 00:00:37]} 38.
Qc3 {[%clk 00:01:09]} {[%emt 00:00:18]} Qg2+ {[%clk 00:02:28]} {[%emt
00:00:34]} 39. Kd3 {[%clk 00:01:09]} {[%emt 00:00:10]} Rxb2 {[%clk 00:02:32]}
{[%emt 00:00:06]} 40. Qe1 {[%clk 00:00:55]} {[%emt 00:00:22]} Qe4+ {[%clk
00:02:31]} {[%emt 00:00:13]} 41. Kc3 {[%clk 00:00:51]} {[%emt 00:00:14]} Qc2#
{[%clk 00:02:34]} {[%emt 00:00:07]} 0-1

[Event "English Schools Championship Final 2024"]
[Site "Nottingham University Kings Meadow Campus, United Kingdom"]
[Date "2024.06.28"]
[Round "5.37"]
[White "Sanfey, Gregor"]
[Black "Korshunov, Sergey"]
[Result "0-1"]
[TimeControl "G50' + 10\" per move."]
[WhiteFideId "467928"]
[BlackFideId "34274715"]
[WhiteElo "1767"]
[BlackElo "2328"]

1. g4 {[%clk 00:50:19]} d5 {[%clk 00:49:17]} {[%emt 00:01:04]} 2. Bg2 {[%clk
00:50:25]} {[%emt 00:00:03]} Bxg4 {[%clk 00:48:40]} {[%emt 00:00:47]} 3. c4
{[%clk 00:50:25]} {[%emt 00:00:10]} c6 {[%clk 00:48:47]} {[%emt 00:00:03]} 4.
cxd5 {[%clk 00:50:32]} {[%emt 00:00:03]} Nf6 {[%clk 00:48:35]} {[%emt
00:00:22]} 5. Nc3 {[%clk 00:50:13]} {[%emt 00:00:29]} cxd5 {[%clk 00:42:29]}
{[%emt 00:06:16]} 6. Qb3 {[%clk 00:49:00]} {[%emt 00:01:23]} e6 {[%clk
00:41:57]} {[%emt 00:00:42]} 7. Qxb7 {[%clk 00:49:05]} {[%emt 00:00:06]} Nbd7
{[%clk 00:42:05]} {[%emt 00:00:02]} 8. Nb5 {[%clk 00:49:10]} {[%emt 00:00:05]}
Rc8 {[%clk 00:42:11]} {[%emt 00:00:04]} 9. d4 {[%clk 00:48:29]} {[%emt
00:00:50]} Bb4+ {[%clk 00:41:28]} {[%emt 00:00:53]} 10. Kf1 {[%clk 00:48:33]}
{[%emt 00:00:06]} O-O {[%clk 00:41:30]} {[%emt 00:00:08]} 11. Bf4 {[%clk
00:48:23]} {[%emt 00:00:20]} Nh5 {[%clk 00:36:31]} {[%emt 00:05:09]} 12. Bc7
{[%clk 00:46:21]} {[%emt 00:02:12]} Qf6 {[%clk 00:30:40]} {[%emt 00:06:01]} 13.
e3 {[%clk 00:35:14]} {[%emt 00:11:17]} Qf5 {[%clk 00:26:03]} {[%emt 00:04:44]}
14. f3 {[%clk 00:22:30]} {[%emt 00:12:58]} Ndf6 {[%clk 00:21:50]} {[%emt
00:04:23]} 15. Nxa7 {[%clk 00:07:03]} {[%emt 00:15:37]} Qd3+ {[%clk 00:21:20]}
{[%emt 00:00:39]} 16. Ne2 {[%clk 00:07:08]} {[%emt 00:00:05]} Rxc7 {[%clk
00:20:25]} {[%emt 00:01:06]} 17. Qxc7 {[%clk 00:07:14]} {[%emt 00:00:04]} Qxe3
{[%clk 00:20:28]} {[%emt 00:00:06]} 18. Qe5 {[%clk 00:06:28]} {[%emt 00:00:56]}
Ne4 {[%clk 00:20:32]} {[%emt 00:00:05]} 19. fxe4 {[%clk 00:06:06]} {[%emt
00:00:33]} Bxe2# {[%clk 00:20:35]} {[%emt 00:00:07]} 0-1